000 00846nam a2200277Ia 4500
003 OSt
005 20220926015000.0
006 a|||||r|||| 00| 0
007 ta
008 220923b |||||||| |||| 00| 0 eng d
020 _a0870142437
037 _cGeneral Book
040 _aRTL
_cRTL
_beng
041 _2eng
_aeng
082 _aT4oaS:7, L2
100 _aTaubman Paul
_9319917
245 0 _aMental ability and higher educational attainment i
260 _aNew York
_bNational Bureau of Economic Research U S A
_c1972
300 _axvi,47p.
_ccm.
490 _aCarnegie Commisison on Higher Education
500 _aBib p. 45-47; Appendix p. 25-44
650 _aUniversity Education
700 _a Wales Terence
_9321388
942 _hT4oaS:7, L2
_cGB
_2CC
999 _c630279
_d630279